000 01476nam a2200337 i 4500
001 68818
003 ES-MaACL
005 20260209164514.0
007 t|
008 931025s1891 sp ||||1| spa d
110 2 _aSociedad "El Sitio"
_96704
245 1 0 _aConferencias dadas en la Sociedad El Sitio.
_pSegunda serie de 1891.
260 _aBilbao :
_bSociedad El Sitio,
_c1891 (
_fImp. de la Casa de Misericordia)
300 _a255 p. ;
_c20 cm.
505 8 _aContiene: África, su reparto y colonización / por Pablo de Alzola . Trueba, literato y vascongado / por Fermín Herrán . La educación popular / por Laureano G. Santa María . Abordajes / por José J. de Mendezona . Las pasiones como causa de delito / por Benito de Goldaracena
530 _aDisponible en formato digital.
600 1 4 _aTrueba, Antonio de,
_d1819-1889
_9111545
650 7 _aEducación popular
_2embne
_912118
650 4 _aAbordaje.
_9169735
650 4 _aPasiones.
_9148685
651 7 _aÁfrica-
_xColonización-
_yS.XIX
_2
_9145960
700 1 _aAlzola y Minondo, Pablo de,
_d1841-1912
_921064
700 1 _aHerrán, Fermín.
_963148
700 1 _aGómez Santa María, Laureano.
_958156
700 1 _aMendezona, José J. de.
_980179
700 1 _aGoldaracena, Benito de.
_957638
710 2 _aSociedad "El Sitio"
_96704
852 4 _aES-MaACL
_jT-568-F-4
856 4 _uhttp://www.bilbao.eus/bld/handle/123456789/67
_zBilboko Liburutegi Digitala
999 _c68818
_d68818